Rappeurs par lettre - Z - Statistiques

Statistiques générales
  • Ce quiz a été pris 215 fois
  • Le résultat moyen est 3 sur 6
Statistiques - réponses
Albums notable Réponse % Correct
Akimbo Ziak
88%
Cicatrices, Survie Zola
80%
Dans les mains, Caméléon Zkr
57%
SOIXVNT3, PT.2, BLO (membre du groupe) Zed
56%
Couleur de ma peine, Z Zamdane
43%
Temps, Jeune et ambitieux Zikxo
23%
Aucun quiz correspondant
Distribution des résultats
% des personnes avec chaque résultat
Percentile par nombre de réponses
Votre historique - résultats
Vous n’avez pas pris ce quiz